000 00703nam a2200229Ia 4500
005 20230703105731.0
008 131103s9999 xx 000 0 und d
040 _aLoreto College
041 _aEnglish
082 _a944.04
_bMAT
100 _aMathiez,Albert
245 4 _aThe French revolution
_cAlbert Mathiez; translated from French by Catherine Alison Phillips
260 _aNew York
_bGrosset
_c1928 (1964 printing)
300 _a510, xix,[5] p.
440 _aThe University Library
504 _aIncludes bibliographical references and index
650 _aFrench Revolution
651 _aFrance - History
700 _aPhillips, Catherine,Alison,tr.
850 _aLCLIB
942 _cBK
999 _c8252
_d58731